Online Catalogue and eLibrary

Siripalapura mahaththiya (Record no. 4200)

MARC details
000 -LEADER
fixed length control field 00441nam a2200157Ia 4500
005 - DATE AND TIME OF LATEST TRANSACTION
control field 20250403052157.0
008 - FIXED-LENGTH DATA ELEMENTS--GENERAL INFORMATION
fixed length control field 240331s9999 xx 000 0 und d
020 ## - INTERNATIONAL STANDARD BOOK NUMBER
ISBN 9559161032
082 ## - DDC Classification
Item Number - Author Mark SIR
Class No. 894
245 #0 - TITLE STATEMENT
Title Siripalapura mahaththiya
260 ## - PUBLICATION, DISTRIBUTION, ETC.
Place of publication, distribution, etc. Nugegoda
Name of publisher, distributor, etc. SriLanka Environmental Journalists Forum
Date of publication, distribution, etc. 1994
300 ## - PHYSICAL DESCRIPTION
Extent (e.g. Volumes, Pages etc.) 128 p .,
500 ## - GENERAL NOTE
General note Collection of Short Stories On Population
700 ## - ADDED ENTRY--PERSONAL NAME
Personal name Wickremaratne,D.
Relator term (Role) Editor
942 ## - Koha item type (Biblio)
Koha item type Books in Stacks (Lending)
Holdings
Lost status Damaged status Collection code Home library Current library Shelving location Date acquired Full call number Accession Number Item type
    Lending WERC Library WERC Library Social Science Cupboard 03/31/2024 894.811 SIR 3318 Books in Stacks (Lending)

© WERC Library